[Event "Scarborough CC Spring Into Summer U1700"]
[Site "Toronto CAN"]
[Date "2011.06.09"]
[Round "6"]
[White "Aghamalian, Derick"]
[Black "Kurkowski, Ken"]
[Result "1/2-1/2"]
[WhiteElo "1577"]
[BlackElo "1516"]
[PlyCount "100"]
[GameId "2160767909770407"]
[EventDate "2011.04.28"]
[EventType "swiss"]
[EventRounds "9"]
[EventCountry "CAN"]
[SourceTitle "EXT 2022"]
[Source "ChessBase"]
[SourceDate "2021.10.06"]
[SourceVersion "1"]
[SourceVersionDate "2021.10.06"]
[SourceQuality "1"]

1. e4 e6 2. d4 d5 3. e5 c5 4. c3 Qb6 5. Nf3 Bd7 6. Be2 Bb5 7. Bxb5+ Qxb5 8. Qe2 Qb6 9. Be3 Nc6 10. dxc5 Bxc5 11. Bxc5 Qxc5 12. Na3 a6 13. Nc2 Nge7 14. Ncd4 Ng6 15. g3 O-O 16. O-O Rac8 17. Nxc6 Qxc6 18. Nd4 Qc4 19. Qxc4 Rxc4 20. f4 Rfc8 21. Rad1 Ne7 22. f5 exf5 23. Nxf5 Nxf5 24. Rxf5 Rd8 25. Rf4 b5 26. Rxc4 bxc4 27. Kf2 Kf8 28. Ke3 Ke7 29. Rd2 Ke6 30. Kf4 h6 31. h4 Rg8 32. Re2 Rd8 33. Rd2 Rg8 34. Re2 Rd8 35. g4 d4 36. cxd4 Rxd4+ 37. Re4 Rxe4+ 38. Kxe4 g6 39. Kd4 f6 40. exf6 Kxf6 41. Ke4 Ke6 42. g5 h5 43. a3 Kd6 44. Kd4 Ke6 45. Ke4 Kd6 46. Kd4 Ke6 47. Kxc4 Kf5 48. Kd4 Kg4 49. Ke4 Kxh4 50. Kf4 Kh3 1/2-1/2

[Event "Scarborough CC Spring Into Summer U1700"]
[Site "Toronto CAN"]
[Date "2011.06.09"]
[Round "6"]
[White "Aghamalian, Leonid"]
[Black "Graham, John"]
[Result "1/2-1/2"]
[WhiteElo "1484"]
[BlackElo "1402"]
[PlyCount "86"]
[GameId "2160767909770408"]
[EventDate "2011.04.28"]
[EventType "swiss"]
[EventRounds "9"]
[EventCountry "CAN"]
[SourceTitle "EXT 2022"]
[Source "ChessBase"]
[SourceDate "2021.10.06"]
[SourceVersion "1"]
[SourceVersionDate "2021.10.06"]
[SourceQuality "1"]

1. e4 e5 2. Nf3 d6 3. Nc3 Nf6 4. Be2 Nc6 5. d4 Bd7 6. Bg5 h6 7. Bxf6 Qxf6 8. Nd5 Qd8 9. dxe5 Nxe5 10. Qd4 Nxf3+ 11. Bxf3 c6 12. Nc3 Qc7 13. O-O Rg8 14. Rad1 g5 15. Bh5 Be6 16. Qf6 Qe7 17. Qd4 g4 18. f4 g3 19. h3 Bxh3 20. gxh3 Qh4 21. Bxf7+ Kxf7 22. Kg2 Qf6 23. e5 Qf5 24. Ne4 d5 25. Nf6 Rg7 26. c4 b6 27. cxd5 Bc5 28. Qc4 cxd5 29. Qxd5+ Kg6 30. Qxa8 Qc2+ 31. Kf3 g2 32. Qe4+ Qxe4+ 33. Nxe4 gxf1=Q+ 34. Rxf1 Rd7 35. Nxc5 bxc5 36. Ke3 Kf5 37. Rc1 Rd5 38. Rc2 Rd4 39. Rf2 Re4+ 40. Kd2 Rd4+ 41. Ke3 Re4+ 42. Kd3 Rd4+ 43. Kc3 Re4 1/2-1/2

[Event "Scarborough CC Spring Into Summer U1700"]
[Site "Toronto CAN"]
[Date "2011.06.09"]
[Round "6"]
[White "Arjavkumar, Joshi"]
[Black "Philip, Andrew"]
[Result "0-1"]
[WhiteElo "1100"]
[BlackElo "1596"]
[PlyCount "100"]
[GameId "2160767909770409"]
[EventDate "2011.04.28"]
[EventType "swiss"]
[EventRounds "9"]
[EventCountry "CAN"]
[SourceTitle "EXT 2022"]
[Source "ChessBase"]
[SourceDate "2021.10.06"]
[SourceVersion "1"]
[SourceVersionDate "2021.10.06"]
[SourceQuality "1"]

1. e4 d5 2. e5 c5 3. f4 Nc6 4. Nf3 Bg4 5. Be2 e6 6. O-O Nh6 7. c3 Be7 8. d4 cxd4 9. cxd4 Nf5 10. Bb5 Qb6 11. Qa4 Bxf3 12. Bxc6+ bxc6 13. Rxf3 Qxd4+ 14. Qxd4 Nxd4 15. Rf2 O-O 16. Be3 Nf5 17. Re2 Nxe3 18. Rxe3 Bc5 19. Kf2 Rab8 20. b3 Bxe3+ 21. Kxe3 c5 22. Nd2 g6 23. g4 Rfc8 24. Rc1 Rb4 25. a3 Rb6 26. h4 a5 27. f5 gxf5 28. gxf5 exf5 29. h5 Rh6 30. Rh1 Kh8 31. Kf4 Rg8 32. Kxf5 Rg2 33. Nf3 Rf2 34. Kg4 Rg2+ 35. Kf4 Rb2 36. Ng5 Kg8 37. Rh3 c4 38. bxc4 dxc4 39. Rg3 Rb3 40. Rg4 Kf8 41. Ne4 c3 42. Nf6 Rxf6+ 43. exf6 c2 44. Ke5 c1=Q 45. Rd4 Rb5+ 46. Ke4 Qc6+ 47. Kf4 Qxf6+ 48. Ke4 Qe5+ 49. Kd3 Rd5 50. Rxd5 Qxd5+ 0-1

[Event "Scarborough CC Spring Into Summer U1700"]
[Site "Toronto CAN"]
[Date "2011.06.09"]
[Round "6"]
[White "Azizi, Hamid"]
[Black "Liang, Phillip"]
[Result "0-1"]
[WhiteElo "1388"]
[BlackElo "1284"]
[PlyCount "100"]
[GameId "2160767909770410"]
[EventDate "2011.04.28"]
[EventType "swiss"]
[EventRounds "9"]
[EventCountry "CAN"]
[SourceTitle "EXT 2022"]
[Source "ChessBase"]
[SourceDate "2021.10.06"]
[SourceVersion "1"]
[SourceVersionDate "2021.10.06"]
[SourceQuality "1"]

1. d3 e5 2. c3 d5 3. e3 Nf6 4. f3 c5 5. Ne2 Nc6 6. Ng3 d4 7. e4 Be6 8. Be2 Be7 9. O-O b5 10. Bd2 O-O 11. f4 exf4 12. Bxf4 Qd7 13. Nd2 Rfd8 14. Nf3 h6 15. Qc1 Bg4 16. Ne5 Nxe5 17. Bxe5 Bxe2 18. Nxe2 dxc3 19. Rd1 cxb2 20. Qxb2 a6 21. h3 Rac8 22. Nf4 Rc6 23. Rd2 c4 24. Rad1 Qc8 25. Bc3 cxd3 26. Rxd3 Rxd3 27. Rxd3 Nxe4 28. Bxg7 Bg5 29. Ne2 f6 30. Qd4 Nc5 31. Rg3 Ne6 32. Qd5 Rc5 33. Qb3 Rc4 34. Bxf6 Kf7 35. Bh8 Qxh8 36. Qf3+ Ke7 37. Qb7+ Rc7 38. Qxa6 Qa1+ 39. Kh2 Qe5 40. Qa3+ Kd7 41. Qd3+ Kc8 42. Kh1 Nf4 43. Qa3 Nxe2 44. Qa8+ Kd7 45. Rd3+ Ke7 46. Qa3+ Ke6 47. Qa6+ Kf7 48. Rf3+ Kg7 49. Qa3 Qa1+ 50. Kh2 Qg1# 0-1

[Event "Scarborough CC Spring Into Summer U1700"]
[Site "Toronto CAN"]
[Date "2011.06.09"]
[Round "6"]
[White "Gandhi, Vishwa"]
[Black "Zhang, Taylor"]
[Result "1/2-1/2"]
[WhiteElo "1055"]
[BlackElo "1102"]
[PlyCount "77"]
[GameId "2160767909770411"]
[EventDate "2011.04.28"]
[EventType "swiss"]
[EventRounds "9"]
[EventCountry "CAN"]
[SourceTitle "EXT 2022"]
[Source "ChessBase"]
[SourceDate "2021.10.06"]
[SourceVersion "1"]
[SourceVersionDate "2021.10.06"]
[SourceQuality "1"]

1. e4 e5 2. d3 Nf6 3. c3 Be7 4. Nf3 Nc6 5. Be2 d6 6. h3 Bd7 7. Be3 O-O 8. O-O Qc8 9. a3 Re8 10. Qb3 Be6 11. Qc2 Na5 12. b4 Nb3 13. Ra2 Nd4 14. cxd4 Bxa2 15. Qxa2 exd4 16. Bxd4 Qd7 17. Nbd2 c5 18. bxc5 dxc5 19. Bc3 Rad8 20. Nc4 b6 21. Nce5 Qe6 22. Qxe6 fxe6 23. Nc6 Rd7 24. Nfe5 Rc7 25. Rd1 Nd7 26. Nxd7 Rxd7 27. Ne5 Rdd8 28. d4 cxd4 29. Bxd4 Bxa3 30. Nc6 Ra8 31. Rd3 Be7 32. Rg3 g6 33. Bh5 Bd6 34. Rg5 Rac8 35. Bxg6 hxg6 36. Rxg6+ Kf7 37. Rf6+ Kg8 38. Rg6+ Kf7 39. Rf6+ 1/2-1/2

[Event "Scarborough CC Spring Into Summer U1700"]
[Site "Toronto CAN"]
[Date "2011.06.09"]
[Round "6"]
[White "Karpik, Steve"]
[Black "Vyravanathan, Sobiga"]
[Result "0-1"]
[WhiteElo "1483"]
[BlackElo "1321"]
[PlyCount "88"]
[GameId "2160767909770412"]
[EventDate "2011.04.28"]
[EventType "swiss"]
[EventRounds "9"]
[EventCountry "CAN"]
[SourceTitle "EXT 2022"]
[Source "ChessBase"]
[SourceDate "2021.10.06"]
[SourceVersion "1"]
[SourceVersionDate "2021.10.06"]
[SourceQuality "1"]

1. Nf3 d5 2. c4 dxc4 3. Qa4+ Nc6 4. Qxc4 e5 5. g3 Be6 6. Qc3 e4 7. Nh4 Nb4 8. b3 Be7 9. Ba3 Nd5 10. Bxe7 Nxc3 11. Bxd8 Nxb1 12. Rxb1 Rxd8 13. Rc1 c6 14. Ng2 Nf6 15. Nf4 Bf5 16. Rc5 Nd5 17. Nxd5 Rxd5 18. Rxd5 cxd5 19. Bg2 O-O 20. O-O Rc8 21. d3 exd3 22. exd3 Bxd3 23. Rd1 Be4 24. Bxe4 dxe4 25. Rd7 Rb8 26. g4 g6 27. g5 Kf8 28. Rd4 Re8 29. Rd7 Re7 30. Rxe7 Kxe7 31. Kg2 Ke6 32. Kg3 Kf5 33. h4 a5 34. a3 b5 35. a4 bxa4 36. bxa4 Ke5 37. f4+ exf3 38. Kxf3 Kf5 39. Kg3 f6 40. gxf6 Kxf6 41. Kg4 Ke5 42. Kg3 g5 43. h5 Kf5 44. Kf3 g4+ 0-1

[Event "Scarborough CC Spring Into Summer U1700"]
[Site "Toronto CAN"]
[Date "2011.06.09"]
[Round "6"]
[White "Krishnakumar, Agahash"]
[Black "Thanabalachandran, Luxiga"]
[Result "0-1"]
[WhiteElo "688"]
[BlackElo "838"]
[PlyCount "102"]
[GameId "2160767909770413"]
[EventDate "2011.04.28"]
[EventType "swiss"]
[EventRounds "9"]
[EventCountry "CAN"]
[SourceTitle "EXT 2022"]
[Source "ChessBase"]
[SourceDate "2021.10.06"]
[SourceVersion "1"]
[SourceVersionDate "2021.10.06"]
[SourceQuality "1"]

1. e4 e5 2. Nc3 Nf6 3. Nf3 Nc6 4. Bb5 a6 5. Bxc6 dxc6 6. Nxe5 Qe7 7. Nf3 Nxe4 8. Qe2 Nxc3 9. Qxe7+ Bxe7 10. dxc3 O-O 11. Bf4 Bd6 12. Be3 Re8 13. O-O-O Bg4 14. h3 Bxf3 15. gxf3 Re6 16. Rde1 Rf6 17. Bd4 Rxf3 18. Rhg1 Bf4+ 19. Kd1 g6 20. Ke2 Rxh3 21. Kf1 b6 22. Re4 Bd6 23. b4 c5 24. bxc5 Bxc5 25. Bxc5 bxc5 26. Kg2 Rxc3 27. Rge1 Rxc2 28. Re8+ Rxe8 29. Rxe8+ Kg7 30. Re7 Rxa2 31. Rxc7 Ra5 32. f4 Kf6 33. Rc6+ Kf5 34. Kg3 g5 35. fxg5 Kxg5 36. Rd6 c4 37. Rd4 Rc5 38. Rg4+ Kf6 39. Rf4+ Kg7 40. Rg4+ Kf6 41. Re4 c3 42. Rf4+ Kg6 43. Rg4+ Rg5 44. Rxg5+ Kxg5 45. Kf2 c2 46. Ke1 c1=Q+ 47. Ke2 Qc3 48. Kd1 Qb2 49. Ke1 Kf4 50. Kd1 Ke3 51. Ke1 Qe2# 0-1

[Event "Scarborough CC Spring Into Summer U1700"]
[Site "Toronto CAN"]
[Date "2011.06.09"]
[Round "6"]
[White "Liao, Jacky"]
[Black "Lin, William"]
[Result "1-0"]
[WhiteElo "1222"]
[BlackElo "1384"]
[PlyCount "40"]
[GameId "2160767909770414"]
[EventDate "2011.04.28"]
[EventType "swiss"]
[EventRounds "9"]
[EventCountry "CAN"]
[SourceTitle "EXT 2022"]
[Source "ChessBase"]
[SourceDate "2021.10.06"]
[SourceVersion "1"]
[SourceVersionDate "2021.10.06"]
[SourceQuality "1"]

1. e4 e6 2. Nf3 d5 3. exd5 exd5 4. Be2 Nf6 5. O-O Bd6 6. Bb5+ c6 7. Ba4 O-O 8. Nc3 a5 9. Re1 b5 10. Nxb5 cxb5 11. Bxb5 Bg4 12. d4 Qc7 13. g3 Ne4 14. Qd3 Nc6 15. c3 Na7 16. Ba4 f5 17. Bb5 Bxf3 18. Qxf3 Qb7 19. g4 fxg4 20. Qxg4 Kh8 1-0

[Event "Scarborough CC Spring Into Summer U1700"]
[Site "Toronto CAN"]
[Date "2011.06.09"]
[Round "6"]
[White "Lin, Benjamin1"]
[Black "Chen, George"]
[Result "0-1"]
[WhiteElo "1138"]
[BlackElo "1259"]
[PlyCount "108"]
[GameId "2160767909770415"]
[EventDate "2011.04.28"]
[EventType "swiss"]
[EventRounds "9"]
[EventCountry "CAN"]
[SourceTitle "EXT 2022"]
[Source "ChessBase"]
[SourceDate "2021.10.06"]
[SourceVersion "1"]
[SourceVersionDate "2021.10.06"]
[SourceQuality "1"]

1. c4 e5 2. Nc3 Nf6 3. d3 d5 4. cxd5 Nxd5 5. e4 Nf6 6. Nf3 Nc6 7. Be2 Be7 8. O-O O-O 9. Be3 Be6 10. d4 exd4 11. Nxd4 Nxd4 12. Bxd4 c5 13. Be3 Qxd1 14. Rfxd1 b6 15. Bf3 Rad8 16. Bg5 h6 17. Bh4 Rxd1+ 18. Rxd1 Rd8 19. e5 Rxd1+ 20. Bxd1 Nd5 21. Bxe7 Nxe7 22. f4 Nd5 23. Nxd5 Bxd5 24. b3 Kf8 25. Kf2 Ke7 26. Bf3 Bxf3 27. Kxf3 Ke6 28. h4 h5 29. g4 hxg4+ 30. Kxg4 a5 31. h5 b5 32. Kf3 Kf5 33. Ke3 c4 34. bxc4 bxc4 35. Kd4 Kxf4 36. Kxc4 Kxe5 37. a4 f5 38. Kb5 f4 39. Kxa5 f3 40. Kb6 f2 41. a5 f1=Q 42. a6 Kf5 43. a7 Qa1 44. Kb7 Kg5 45. a8=Q Qxa8+ 46. Kxa8 Kxh5 47. Kb7 Kh4 48. Kc6 g5 49. Kd5 Kh3 50. Ke4 g4 51. Kf4 g3 52. Kf3 Kh2 53. Ke4 g2 54. Kf3 g1=Q 0-1

[Event "Scarborough CC Spring Into Summer U1700"]
[Site "Toronto CAN"]
[Date "2011.06.09"]
[Round "6"]
[White "Patel, Shivkumar"]
[Black "Maurer, Hans"]
[Result "0-1"]
[WhiteElo "865"]
[BlackElo "1077"]
[PlyCount "46"]
[GameId "2160767909770416"]
[EventDate "2011.04.28"]
[EventType "swiss"]
[EventRounds "9"]
[EventCountry "CAN"]
[SourceTitle "EXT 2022"]
[Source "ChessBase"]
[SourceDate "2021.10.06"]
[SourceVersion "1"]
[SourceVersionDate "2021.10.06"]
[SourceQuality "1"]

1. d4 f5 2. f4 Nf6 3. Nf3 d6 4. e3 a6 5. Bd3 g5 6. g3 Bg7 7. O-O Nc6 8. Na3 e6 9. Re1 O-O 10. e4 d5 11. e5 Nh5 12. Qd2 h6 13. g4 Qe8 14. gxh5 gxf4 15. Nh4 Nxd4 16. Qc3 Bh8 17. Qxd4 Qd8 18. Ng6 Rf7 19. Nxh8 Kxh8 20. Bd2 Rg7+ 21. Kf1 Qh4 22. Qf2 Qh3+ 23. Qg2 Qxg2# 0-1

[Event "Scarborough CC Spring Into Summer U1700"]
[Site "Toronto CAN"]
[Date "2011.06.09"]
[Round "6"]
[White "Pishdad, Hassan"]
[Black "Thanabalachandran, Kajan"]
[Result "1-0"]
[WhiteElo "1270"]
[BlackElo "1599"]
[PlyCount "79"]
[GameId "2160767909770417"]
[EventDate "2011.04.28"]
[EventType "swiss"]
[EventRounds "9"]
[EventCountry "CAN"]
[SourceTitle "EXT 2022"]
[Source "ChessBase"]
[SourceDate "2021.10.06"]
[SourceVersion "1"]
[SourceVersionDate "2021.10.06"]
[SourceQuality "1"]

1. d4 Nf6 2. c4 e6 3. e3 Bb4+ 4. Nc3 O-O 5. Bd3 d5 6. a3 Be7 7. cxd5 Nxd5 8. Nge2 c5 9. Qb3 cxd4 10. Nxd4 Nc6 11. Qc2 h6 12. b4 Nxc3 13. Qxc3 Nxd4 14. exd4 Bf6 15. Bb2 e5 16. dxe5 Bxe5 17. Qxe5 Re8 18. O-O-O Rxe5 19. Bxe5 Qg5+ 20. f4 Qd8 21. Bh7+ Kxh7 22. Rxd8 f6 23. Bb2 Kg6 24. g3 Kf7 25. Re1 b6 26. Ree8 Rb8 27. Rxc8 Rb7 28. Rf8+ Kg6 29. Rg8 Kf7 30. Rgd8 Ke7 31. Rd4 Ke6 32. g4 a6 33. Rc6+ Ke7 34. Rdd6 b5 35. Rxa6 Rc7+ 36. Rdc6 Rd7 37. Rab6 Rd5 38. Rc7+ Kd8 39. Rxg7 Kc8 40. Bxf6 1-0

[Event "Scarborough CC Spring Into Summer U1700"]
[Site "Toronto CAN"]
[Date "2011.06.09"]
[Round "6"]
[White "Song, Eric"]
[Black "Li, Michael"]
[Result "0-1"]
[WhiteElo "1488"]
[BlackElo "1479"]
[PlyCount "116"]
[GameId "2160767909770420"]
[EventDate "2011.04.28"]
[EventType "swiss"]
[EventRounds "9"]
[EventCountry "CAN"]
[SourceTitle "EXT 2022"]
[Source "ChessBase"]
[SourceDate "2021.10.06"]
[SourceVersion "1"]
[SourceVersionDate "2021.10.06"]
[SourceQuality "1"]

1. e4 e5 2. Nf3 Nc6 3. Bb5 a6 4. Ba4 Nf6 5. O-O b5 6. Bb3 Nxe4 7. Re1 Nc5 8. Nxe5 Nxe5 9. Rxe5+ Be7 10. Qf3 Nxb3 11. axb3 c6 12. Qe2 d6 13. Re3 Be6 14. Nc3 O-O 15. d3 d5 16. d4 Bd6 17. Rd3 Qc7 18. h3 Rfe8 19. Be3 Bf5 20. Rdd1 Re6 21. Re1 Rg6 22. Bf4 Re6 23. Bxd6 Qxd6 24. Qd2 h6 25. Rxe6 Qxe6 26. Ne2 Qg6 27. Nf4 Qg5 28. c3 Bxh3 29. Qe3 Bd7 30. g3 Re8 31. Qd3 Bc8 32. c4 dxc4 33. bxc4 Qe7 34. cxb5 axb5 35. Qc3 g5 36. Ng2 Qe6 37. Ne3 Qe4 38. Rc1 Bb7 39. Qc5 Rd8 40. Qb6 Rd7 41. Qc5 Qxd4 42. Qc2 Qd2 43. Qc5 Qxb2 44. Nf5 Qf6 45. Re1 Rd8 46. Qc2 Bc8 47. Ne7+ Kg7 48. Nxc6 Bf5 49. Qc5 Rc8 50. Qxb5 Rxc6 51. Rd1 Rc2 52. Qb3 Bg6 53. Rf1 Qc6 54. Qe3 Qc3 55. Qb6 Qf3 56. Qd4+ Kh7 57. Qd7 Bd3 58. Qa4 Be4 0-1

[Event "Scarborough CC Spring Into Summer U1700"]
[Site "Toronto CAN"]
[Date "2011.06.09"]
[Round "6"]
[White "Souchko, Larissa"]
[Black "Yu, Tianxi"]
[Result "1-0"]
[WhiteElo "1151"]
[BlackElo "1039"]
[PlyCount "75"]
[GameId "2160767909770421"]
[EventDate "2011.04.28"]
[EventType "swiss"]
[EventRounds "9"]
[EventCountry "CAN"]
[SourceTitle "EXT 2022"]
[Source "ChessBase"]
[SourceDate "2021.10.06"]
[SourceVersion "1"]
[SourceVersionDate "2021.10.06"]
[SourceQuality "1"]

1. e4 e5 2. f4 exf4 3. Nf3 Nc6 4. Bc4 f6 5. d4 Na5 6. Bd3 d5 7. Qe2 dxe4 8. Qxe4+ Qe7 9. Qxe7+ Bxe7 10. Bxf4 c6 11. O-O c5 12. Re1 cxd4 13. Nxd4 Nc6 14. Nxc6 bxc6 15. c3 Rb8 16. Bxb8 Nh6 17. Bd6 Ng8 18. Re3 Kd7 19. Bxe7 Nxe7 20. c4 Ba6 21. b3 Nc8 22. Nc3 g5 23. Rd1 h5 24. Bf5+ Kc7 25. Rd7+ Kb8 26. Ne4 Nb6 27. Rf7 Rh6 28. Nxf6 Nc8 29. Nd7+ Ka8 30. Nc5 Nd6 31. Rf8+ Nc8 32. Nxa6 Kb7 33. Bxc8+ Kb6 34. c5+ Kb5 35. a4+ Ka5 36. Re1 g4 37. Ra1 h4 38. b4# 1-0

[Event "Scarborough CC Spring Into Summer U1700"]
[Site "Toronto CAN"]
[Date "2011.06.09"]
[Round "6"]
[White "Super, Russell"]
[Black "Cui, Gordon"]
[Result "1/2-1/2"]
[WhiteElo "1419"]
[BlackElo "1264"]
[PlyCount "82"]
[GameId "2160767909770423"]
[EventDate "2011.04.28"]
[EventType "swiss"]
[EventRounds "9"]
[EventCountry "CAN"]
[SourceTitle "EXT 2022"]
[Source "ChessBase"]
[SourceDate "2021.10.06"]
[SourceVersion "1"]
[SourceVersionDate "2021.10.06"]
[SourceQuality "1"]

1. e4 c5 2. Nf3 Nc6 3. d4 cxd4 4. Nxd4 g6 5. c4 Bg7 6. Nb3 Nf6 7. Nc3 O-O 8. Be2 d6 9. O-O Bd7 10. h3 Re8 11. Be3 Be6 12. Qd2 Ne5 13. Nd5 Nxe4 14. Qc2 Bf5 15. g4 Ng3 16. gxf5 Nxf5 17. Bd2 Qd7 18. Kh2 Nh4 19. Qe4 Nef3+ 20. Bxf3 Be5+ 21. Bf4 f5 22. Qe3 a5 23. Bxe5 dxe5 24. Nb6 Qd6 25. c5 Qb8 26. Nd7 Qc7 27. Nxe5 Nxf3+ 28. Qxf3 Qxe5+ 29. Kg2 a4 30. Rfe1 Qxb2 31. Nd4 Qxd4 32. Qxb7 Qxc5 33. Rad1 Rab8 34. Qd7 f4 35. Qe6+ Kg7 36. Rd5 Qc3 37. Rd7 Qf6 38. Rxe7+ Rxe7 39. Qxe7+ Qxe7 40. Rxe7+ Kh6 41. Re4 a3 1/2-1/2

[Event "Scarborough CC Spring Into Summer U1700"]
[Site "Toronto CAN"]
[Date "2011.06.09"]
[Round "6"]
[White "Wu, Mark"]
[Black "Feng, Richard"]
[Result "1-0"]
[WhiteElo "1052"]
[BlackElo "1021"]
[PlyCount "57"]
[GameId "2160767909770424"]
[EventDate "2011.04.28"]
[EventType "swiss"]
[EventRounds "9"]
[EventCountry "CAN"]
[SourceTitle "EXT 2022"]
[Source "ChessBase"]
[SourceDate "2021.10.06"]
[SourceVersion "1"]
[SourceVersionDate "2021.10.06"]
[SourceQuality "1"]

1. e4 e5 2. Nf3 Nc6 3. d4 f6 4. d5 Nce7 5. Bc4 c6 6. dxc6 Nxc6 7. Bxg8 Rxg8 8. O-O g6 9. Nc3 f5 10. exf5 gxf5 11. Re1 Qf6 12. Qd5 Qg7 13. Nxe5 Nxe5 14. Rxe5+ Kd8 15. Bh6 Qg6 16. Rxf5 Bxh6 17. Nb5 a6 18. Nd6 Ke7 19. Re5+ Kf8 20. Re8+ Kg7 21. Rxg8+ Kf6 22. Rxg6+ hxg6 23. Qf7+ Kg5 24. h4+ Kxh4 25. Qxg6 Bg5 26. Nf5+ Kg4 27. Ne3+ Kh4 28. Qh7+ Bh6 29. Qxh6# 1-0

[Event "Scarborough CC Spring Into Summer U1700"]
[Site "Toronto CAN"]
[Date "2011.06.09"]
[Round "6"]
[White "Zhao, Harry"]
[Black "Ming, Wenyang"]
[Result "1-0"]
[WhiteElo "1469"]
[BlackElo "1209"]
[PlyCount "100"]
[GameId "2160767909770426"]
[EventDate "2011.04.28"]
[EventType "swiss"]
[EventRounds "9"]
[EventCountry "CAN"]
[SourceTitle "EXT 2022"]
[Source "ChessBase"]
[SourceDate "2021.10.06"]
[SourceVersion "1"]
[SourceVersionDate "2021.10.06"]
[SourceQuality "1"]

1. e4 c5 2. Nf3 d6 3. d4 cxd4 4. Nxd4 Nf6 5. Nc3 g6 6. b3 Bg7 7. Bb2 O-O 8. Qd2 Nc6 9. Nf3 a6 10. Bd3 Bd7 11. O-O-O b5 12. Ne2 Rc8 13. Kb1 Qc7 14. Ng3 Rfe8 15. h4 h5 16. Ng5 Rb8 17. f4 Rb7 18. f5 Nh7 19. Bxg7 Kxg7 20. fxg6 fxg6 21. Nxh7 Kxh7 22. Qg5 Bg4 23. Rdf1 Ne5 24. Rf2 Rg8 25. Rhf1 e6 26. Rf8 Rxf8 27. Rxf8 Qg7 28. Rf6 Rf7 29. Rxf7 Qxf7 30. Qe3 Qc7 31. Be2 Qc5 32. Qxc5 dxc5 33. Kc1 Bxe2 34. Nxe2 Ng4 35. Kd2 Kh6 36. Nf4 e5 37. Nd3 c4 38. bxc4 bxc4 39. Nc5 a5 40. Nb7 a4 41. Nd6 g5 42. hxg5+ Kxg5 43. Nxc4 Kf4 44. Ke2 Kxe4 45. Nd2+ Kd4 46. Nb1 Ne3 47. c3+ Ke4 48. Nd2+ Kf4 49. g3+ Kxg3 50. Kxe3 h4 1-0

[Event "Scarborough CC Spring Into Summer U1700"]
[Site "Toronto CAN"]
[Date "2011.06.16"]
[Round "7"]
[White "Aghamalian, Derick"]
[Black "Yie, Kevin Yi Xiao"]
[Result "1/2-1/2"]
[WhiteElo "1577"]
[BlackElo "1460"]
[PlyCount "101"]
[GameId "2160767909770427"]
[EventDate "2011.04.28"]
[EventType "swiss"]
[EventRounds "9"]
[EventCountry "CAN"]
[SourceTitle "EXT 2022"]
[Source "ChessBase"]
[SourceDate "2021.10.06"]
[SourceVersion "1"]
[SourceVersionDate "2021.10.06"]
[SourceQuality "1"]

1. e4 e5 2. Nf3 Nc6 3. Bc4 Bc5 4. c3 Nf6 5. d4 exd4 6. cxd4 Bb4+ 7. Bd2 Bxd2+ 8. Nbxd2 d6 9. Qc2 O-O 10. O-O Bg4 11. h3 Bh5 12. Rac1 Ne7 13. Rfe1 Bg6 14. Bd3 c6 15. Nf1 d5 16. e5 Ne4 17. N3d2 Nxd2 18. Nxd2 Qb6 19. Nb3 a5 20. Bxg6 hxg6 21. Nc5 Qc7 22. Nd3 Nf5 23. Qc3 Rfe8 24. Nf4 Qb6 25. Rcd1 Qb4 26. a3 Qxc3 27. bxc3 b6 28. Rb1 Rab8 29. g4 Ne7 30. Rb2 c5 31. Reb1 cxd4 32. cxd4 Nc6 33. Ne2 Nxe5 34. dxe5 Rxe5 35. f4 Re3 36. Kg2 Rxa3 37. Rxb6 Rxb6 38. Rxb6 Ra2 39. Kf2 a4 40. Rb4 a3 41. Ra4 Ra1 42. Nc3 d4 43. Nb5 a2 44. Nxd4 Rh1 45. Nb3 Rb1 46. Ra3 Rxb3 47. Rxa2 Rxh3 48. Kg2 Rb3 49. Ra8+ Kh7 50. Ra7 f5 51. g5 1/2-1/2

[Event "Scarborough CC Spring Into Summer U1700"]
[Site "Toronto CAN"]
[Date "2011.06.16"]
[Round "7"]
[White "Cui, Gordon"]
[Black "Zhao, Yanchun"]
[Result "1/2-1/2"]
[WhiteElo "1264"]
[BlackElo "1148"]
[PlyCount "62"]
[GameId "2160767909770429"]
[EventDate "2011.04.28"]
[EventType "swiss"]
[EventRounds "9"]
[EventCountry "CAN"]
[SourceTitle "EXT 2022"]
[Source "ChessBase"]
[SourceDate "2021.10.06"]
[SourceVersion "1"]
[SourceVersionDate "2021.10.06"]
[SourceQuality "1"]

1. e4 c5 2. Nf3 Nc6 3. d4 cxd4 4. Nxd4 Nf6 5. Nc3 e6 6. Bg5 Be7 7. Ndb5 a6 8. Nd6+ Kf8 9. Nxc8 Rxc8 10. Be2 h6 11. Bh4 Nb4 12. a3 Nc6 13. O-O Ne5 14. Bg3 d6 15. Bxe5 dxe5 16. Qxd8+ Rxd8 17. Rad1 Rc8 18. Rd2 h5 19. Rfd1 g6 20. f3 Kg7 21. Na4 Rc6 22. b4 b5 23. Nb2 Rhc8 24. Rc1 Rc3 25. Nd3 Rxa3 26. Rb1 Ra2 27. Bd1 Nd7 28. Nc1 Ra4 29. Rxd7 Rxb4 30. Rxb4 Bxb4 31. Nd3 Bc3 1/2-1/2

[Event "Scarborough CC Spring Into Summer U1700"]
[Site "Toronto CAN"]
[Date "2011.06.16"]
[Round "7"]
[White "Dattani, Dinesh"]
[Black "Aghamalian, Leonid"]
[Result "0-1"]
[WhiteElo "1379"]
[BlackElo "1484"]
[PlyCount "80"]
[GameId "2160767909770430"]
[EventDate "2011.04.28"]
[EventType "swiss"]
[EventRounds "9"]
[EventCountry "CAN"]
[SourceTitle "EXT 2022"]
[Source "ChessBase"]
[SourceDate "2021.10.06"]
[SourceVersion "1"]
[SourceVersionDate "2021.10.06"]
[SourceQuality "1"]

1. e4 e5 2. Nf3 Nc6 3. d4 exd4 4. Nxd4 g6 5. c3 Bg7 6. Bd3 Nxd4 7. cxd4 Bxd4 8. Bc4 Qf6 9. Bxf7+ Kxf7 10. O-O Bxb2 11. Qb3+ Qe6 12. Qxe6+ Kxe6 13. Bxb2 Nf6 14. e5 Nd5 15. Nd2 b6 16. Ne4 Bb7 17. Rfe1 Nb4 18. Re2 Bxe4 19. Rxe4 c5 20. a3 Nc6 21. Rd1 Rad8 22. Rd6+ Kf5 23. Re3 Rhf8 24. Rf3+ Ke4 25. Rxf8 Rxf8 26. Rxd7 Rd8 27. f3+ Ke3 28. Bc1+ Ke2 29. e6 Rxd7 30. exd7 c4 31. Bg5 c3 32. g3 c2 33. Kg2 Kd1 34. Kf2 c1=Q 35. Bxc1 Kxc1 36. Ke3 Kb2 37. Ke4 Kxa3 38. Kd5 Nd8 39. Kd6 b5 40. Kc7 Nf7 0-1